000 02000nam a2200553 i 4500
001 15320
003 KOSZ 005
005 20200624121520.0
008 200409s1973 pl a f 000 0 pol
015 _aUWD 1973/7326
035 _a991033796719705066
035 _a(PL-WaBN)b19043430-48omnis_nlop
035 _ab19043430
035 _a(OCoLC)839040390
035 _a(PL)b0000001904343
035 _a(EXLNZ-48OMNIS_NETWORK)9910049069505606
040 _aWA N
_cWA N
_dKOSZ 005/RW
041 0 _apol
_beng
_bger
_brus
046 _k1973
080 _a624.04
100 1 _aKoreleski, Juliusz
_d(1908-2000)
_eAutor
245 1 0 _aUstroje mieczowane :
_bobliczenie konstrukcji zastrzałowych /
_cJuliusz Koreleski.
260 _aKraków :
_bPolitechnika Krakowska,
_c1973.
300 _a178 stron :
_bilustracje ;
_c24 cm.
336 _aTekst
_btxt
_2rdacontent
337 _aBez urządzenia pośredniczącego
_bn
_2rdamedia
338 _aWolumin
_bnc
_2rdacarrier
380 _aKsiążki
380 _aPublikacje naukowe
388 _a1901-2000
388 _a1945-1989
490 1 _aZeszyt Naukowy / Politechnika Krakowska. Budownictwo Lądowe,
_x0454-4862 ;
_vz. 42
500 _aNumeracja serii głównej: nr 4.
500 _aRok wydania 1972.
504 _aBibliografia na stronie 147.
546 _aStreszczenie w języku angielskim, niemieckim i rosyjskim.
650 7 _aBudownictwo
650 7 _aStatyka budowlana
650 7 _aDźwigary
650 7 _aKratownice
655 7 _aMonografia
_2DBN
658 _aArchitektura i budownictwo
710 2 _aWydawnictwo Politechniki Krakowskiej
_4pbl
830 0 _aZeszyt Naukowy - Politechnika Krakowska
_vnr 4
830 0 _aZeszyt Naukowy - Politechnika Krakowska.
_pBudownictwo Lądowe
_vz. 42
856 _uhttp://koha.tu.koszalin.pl/cgi-bin/koha/opac-detail.pl?biblionumber=15320
_yKatalog online BPK
942 _2UKD
_cKS
999 _c15320
_d15320